|
|
|
|
| LEADER |
00000nam a2200000 a 4500 |
| 001 |
vtls001335155 |
| 003 |
SK-MaSNL |
| 005 |
20260301200522.0 |
| 008 |
240314s1904 xx 0 und |
| 035 |
|
|
|a SNK000288122
|
| 040 |
|
|
|a SNK
|b slo
|c SNK
|e AACR2
|
| 044 |
|
|
|a xx
|
| 100 |
1 |
|
|a Orlický, Josef
|4 aut
|9 579813
|
| 245 |
1 |
0 |
|a Obrázkové dějiny Rakousko-Uhorského mocnářství
|
| 260 |
|
|
|a Třebíč na Moravě
|b Jindřich Lorenz
|c 1904
|
| 300 |
|
|
|a 77 s.
|
| 958 |
|
|
|a ONDV
|
| 999 |
|
|
|c 890830
|d 892760
|
| 952 |
|
|
|t P60, <03>, [BOOK], {603}
|a SNK
|b SNK
|y PREZ
|7 0
|p 17A0145463
|o snkSE 6506
|0 0
|1 0
|4 0
|d 1998-06-24
|l 0
|r 2005-01-02 00:00:00
|w 2026-02-24
|